Holiday Quiz

Random Holiday or Lyrics Quiz

Christmas Lyrics Quiz 1 Stats

 Plays Quiz not verified by Sporcle

Challenge
Share
Tweet
Embed
Score 0/40 Timer 10:00
0 Plays Today
% Correct
Santa Claus is Comin’ To Town
81.7%
Twelve Days of Christmas
81.4%
Let it Snow, Let it Snow, Let it Snow
80.4%
Jingle Bells
76.8%
Rudolph the Red-Nosed Reindeer
75.9%
I Saw Mommy Kissing Santa Claus
72.7%
Grandma Got Run Over By A Reindeer
67.5%
O Christmas Tree (O Tannenbaum)
64.3%
Winter Wonderland
63%
Jingle Bell Rock
62.4%
Deck the Halls
59.2%
You're a Mean One, Mister Grinch
57.9%
We Wish You a Merry Christmas
57.2%
White Christmas
56.9%
Frosty the Snowman
54.7%
Silver Bells
52.4%
Have Yourself a Merry Little Christmas
51.1%
Sleigh Ride
50.2%
Feliz Navidad
48.9%
It’s the Most Wonderful Time of the Year
46.9%
% Correct
A Holly Jolly Christmas
46.6%
The Chipmunk Song
45.3%
Rockin’ Around the Christmas Tree
44.1%
Home for the Holidays
43.7%
It’s Beginning to Look a Lot Like Christmas
43.7%
I’ll Be Home for Christmas
43.4%
All I Want for Christmas is My Two Front Teeth
43.4%
The Christmas Song (Chestnuts Roasting on an Open Fire)
42.1%
Up On the Housetop
40.8%
Blue Christmas
38.9%
Jolly Old Saint Nicholas
38.3%
Nuttin’ for Christmas
38.3%
The Night Before Christmas (A Visit from St. Nicholas)
35.4%
We Need a Little Christmas
35.4%
Here We Come A-Caroling (The Wassail Song)
34.4%
Little Saint Nick
32.5%
Here Comes Santa Claus
30.9%
I Heard the Bells on Christmas Day
28.6%
Over the River and Through the Woods
17.4%
The Most Wonderful Day of the Year
17%

You're not logged in!

Compare scores with friends on all Sporcle quizzes.
OR
Log In

You Might Also Like...

Show Comments

Extras

Top Quizzes Today


Score Distribution

Your Account Isn't Verified!

In order to create a playlist on Sporcle, you need to verify the email address you used during registration. Go to your Sporcle Settings to finish the process.

Report this User

Report this user for behavior that violates our Community Guidelines.

Details: